000 00322nam a22001097a 4500
008 160507b xxu||||| |||| 00| 0 eng d
020 _a0130497622
041 _aeng
080 _a615
245 _aPharmacotherapeutics: A primary care guide:
_cEllis Quinn Youngkin; Kathleen J. Sawin; Jeanette F. Kissinger;
942 _2udc
_cBK
999 _c1893
_d1893